000 00349pam a2200157a 44500
008 230515b2002 xxu||||| |||| 00| 0 eng d
020 _aNULL
041 _aENGL
082 _a620.1/ BAP
100 _aBAPHANA R.
245 _aENGINEERING MECHANICS (BAP)
250 _aN.D.
260 _aNULL
_bTECH
_c2002
300 _a7-15 PB
650 _aNULL
999 _c633731
_d633731